000 00503nam a22001817a 4500
005 20251108165151.0
008 250721s1978 xx 000 0 ara d
082 1 4 _a907.2/عما
100 1 _aخليل، عماد الدين
245 1 0 _aالتفسير الإسلامي للتاريخ /
250 _aط2
264 1 _aبيروت :
_bدا رالعلم للملايين،
_c1978.
300 _a327ص
650 1 7 _aالتأريخ
650 1 7 _aالتاريخ
942 _2ddc
_cBK
999 _c21105
_d21105